Syntéza biorelevantných polycyklických dusíkatých heterocyklov pomocou tandemovej Pd-katalyzovanej cyklizácie

Saved in:
Bibliographic Details
Main Author: Žlnayová, Barbora (Author)
Other Authors: Koóš, Peter (Thesis advisor)
Format: Manuscript Book
Language:Slovak
Published: 2024
Subjects:
Online Access:http://is.stuba.sk/zp/portal_zp.pl?podrobnosti=166222
Tags: Add Tag
No Tags, Be the first to tag this record!

MARC

LEADER 00000ntm a22000003a 4500
001 stuzp99106
003 SK-STU
005 20240622210708.3
007 ta
008 150427s2015----xo-----f-mn---000-0-slo-d
040 |a STU  |b slo 
041 0 |a slo 
100 1 |a Žlnayová, Barbora  |u 048140  |4 aut  |U FCHPT Ústav organickej chémie, katalýzy a petrochémie  |T FCHPT Oddelenie organickej chémie  |X 112834  |U C8140  |Y 124  |7 112834 
242 0 1 |a Synthesis of biorelevant polycyclic nitrogen heterocycles using tandem Pd-catalyzed cyclization  |y eng 
245 1 0 |a Syntéza biorelevantných polycyklických dusíkatých heterocyklov pomocou tandemovej Pd-katalyzovanej cyklizácie 
260 |c 2024 
650 4 |a luotonín A  |2 slo 
650 4 |a karbonylácia  |2 slo 
650 4 |a tandemová reakcia  |2 slo 
650 4 |a Pd-katalýza  |2 slo 
650 4 |a Meth-Cohnova chinolínová syntéza  |2 slo 
650 4 |a carbonylation  |2 eng 
650 4 |a tandem reaction  |2 eng 
650 4 |a luotonin A  |2 eng 
650 4 |a Meth-Cohn quinoline synthesis  |2 eng 
650 4 |a Pd-catalysis  |2 eng 
700 1 |a Koóš, Peter  |u 048140  |k Z1  |4 ths  |U FCHPT Ústav organickej chémie, katalýzy a petrochémie  |T FCHPT Oddelenie organickej chémie  |X 42566  |U C8140  |Y 124  |7 A000042566 
856 4 |u http://is.stuba.sk/zp/portal_zp.pl?podrobnosti=166222